00729nam a2200265Ia 4500001001400000003000900014005001700023008004100040020001500081040002300096050001400119100003000133245004300163250001900206260003800225300001500263650004200278650002800320650005100348887001600399888000900415942001500424945000700439999001700446AUWbook002913BDCtgAUW20260406155248.0220908s9999 xx 000 0 eng d a0140095144 aBDCtgAUWcBDCtgAUW aDS208.T481 aThesiger, Wilfred.917958 0aArabian sands :bwith sixteen plates / aFirst edition. aNew York :bPenguin Books,c2064. a347 pages. 0aArabian PeninsulaxSaudi Arab.980722 0aDescription and travel. 0aHistory of Arabian PeninsulaSaudi Arab.917961 a BRAC22982 22982 cBK002lcc cBK c18364d18364